000 00279nam a22001217a 4500
008 160430b xxu||||| |||| 00| 0 eng d
020 _a9781439049044
020 _a1439049041
041 _aeng
080 _a612.39
245 _aNutrition now:
_cJudith E. Brown;
942 _2udc
_cBK
999 _c1711
_d1711